00562nam a22002177a 450000500170000001000110001702000100002803500110003803700160004904000120006508200170007710000180009424500550011224600060016726000340017327000380020730000210024550000510026665000180031765000090033520170124110202.0 a971884 c25.00 a971884 bCen Lib/Ret aDPLbEN a181.432bSHA aSharma, H. L. aYoga technique of psychotherapy /cBy H. L. Sharma b  bGDK Publicationsc1979aDelhi bDelhia3623, Chawri Bazare110006 ax,92p.c21cm(Hb) aIncludes bibliographical references and index  aPsychotherapy aYoga